| 000 | 00770nam a22002537a 4500 | ||
|---|---|---|---|
| 005 | 20260220054259.0 | ||
| 008 | 260220b |||||||| |||| 00| 0 eng d | ||
| 020 | _a978-93-671-3544-0 | ||
| 037 | _cTB | ||
| 040 |
_aCRL _cCRL |
||
| 041 |
_2eng _aeng |
||
| 084 |
_aD65,8(B)92PY R6 _qCRL |
||
| 100 |
_aTaneja, Sheetal _91116343 |
||
| 245 |
_aPython Programming: _ba modular approach |
||
| 260 |
_aNoida, India: _bPearson India Education Services, _c2026. |
||
| 300 | _axvii,696p. | ||
| 365 |
_b675 _cINR |
||
| 650 | _aComputer Application | ||
| 650 | _aProgramming Language | ||
| 650 | _aEngineering | ||
| 700 |
_aNaveen Kumar _eAuthor |
||
| 942 |
_2CC _cTB _hD65,8(B)92PY R6 _n0 |
||
| 999 |
_c1680006 _d1680006 |
||